000 00364nam a2200121Ia 4500
008 220214s9999 xx 000 0 und d
022 _a0069-2379
245 0 _aCEYLON JOURNAL OF SCIENCE: BIOLOGICAL SCIENCE
260 _bUniversity of Peradeniya
_aSri Lanka
500 _aEnding Volume & Year: 20, 1987
500 _aStarting Volume & Year: 11, 1974/75
942 _cBJ
999 _c9504
_d9504